Central Library OPAC University of Rajshahi

History of medieval India : (Record no. 54281)

MARC details
000 -LEADER
fixed length control field 00682nam a2200229 a 4500
001 - CONTROL NUMBER
control field 54281
003 - CONTROL NUMBER IDENTIFIER
rucl marc code BD-RjUL
005 - DATE AND TIME OF LATEST TRANSACTION
control field 20211209080110.0
008 - FIXED-LENGTH DATA ELEMENTS--GENERAL INFORMATION
fixed length control field 161105r20082007ii ||||| |||| 00| 0 eng d
020 ## - INTERNATIONAL STANDARD BOOK NUMBER
International Standard Book Number 8125032266
035 ## - SYSTEM CONTROL NUMBER
System control number (BD-RjUL)54403)
040 ## - CATALOGING SOURCE
Original cataloging agency BD-RjUL
Language of cataloging eng
Transcribing agency BD-RjUL
041 ## - LANGUAGE CODE
Language code of text/sound track or separate title eng
082 ## - DEWEY DECIMAL CLASSIFICATION NUMBER
Edition number 23
Classification number 954.02
Author mark and year CHH 2008
100 ## - MAIN ENTRY--PERSONAL NAME
Personal name Chandra, Satish
9 (RLIN) 158656
245 ## - TITLE STATEMENT
Title History of medieval India :
Remainder of title 800-1700 /
Statement of responsibility, etc. Satish Chandra
260 ## - PUBLICATION, DISTRIBUTION, ETC. (IMPRINT)
Place of publication, distribution, etc. India : ©2007.
Name of publisher, distributor, etc. Orient Longman,
Date of publication, distribution, etc. 2007 [Reprinted 2008]
300 ## - PHYSICAL DESCRIPTION
Pagination xii, 418 p. :
Illustrations ill. ;
Size 22 cm
650 ## - SUBJECT ADDED ENTRY--TOPICAL TERM
Topical term or geographic name as entry element India -- History -800-1700
9 (RLIN) 162005
651 ## - SUBJECT ADDED ENTRY--GEOGRAPHIC NAME
General subdivision 324 B.C.-1000 A.D.
9 (RLIN) 162006
942 ## - ADDED ENTRY ELEMENTS (KOHA)
Source of classification or shelving scheme Dewey Decimal Classification
Koha item type Books
Holdings
Lost status Source of classification or shelving scheme Damaged status Not for loan Collection code Permanent Location Current Location Shelving location Date acquired Source of acquisition Cost, normal purchase price Total Checkouts Full call number Date last seen Copy number Koha item type
  Dewey Decimal Classification     Non-fiction Central Library, University of Rajshahi Central Library, University of Rajshahi   10/04/2009 Dhaka Progan Enterprise 295.00   954.02 CHH 2008 05/11/2016 C-2 Books
  Dewey Decimal Classification   Not For Loan Non-fiction Central Library, University of Rajshahi Central Library, University of Rajshahi Reading Room 01/04/2009 Paragon enterprises ltd., Dhaka 295.00   954.02 CHH 2008 08/02/2017 C-1 Books